01661nam a2200313 a 450000100060000000300090000600800410001501500210005602000250007704000280010208200150013024500600014526000490020530000240025449000270027850400450030559800080035065000650035870000300042391700180045394200120047199000870048399900170057095201520058795201520073995201520089195201520104395201520119524294CO-ViMGA141112s2004 ck r 000 u spa d ack - 2009 - xxxx a9789580511885 (o.c.) aCO-ViMGAbspacCO-ViMGA a372.7 M48410aMisión matemática / cAstrid Piñeros ... [et al.] aBogotá : bGrupo Editorial Educar, c2009. a5 v. : il. ; 28 cm. aSerie de matemáticas aBibliografía al final de cada volumen. aNEW14aMatemáticas - Enseñanza primaria - Libros de texto944661 aRomero, José, il.96614 a9561 20081231 2ddccBK a2009 - 650 Grupo Editorial Educar Grado 11 (2 ej. de cada uno) 21 13042009 a663632 c11669d11669 01102ddc41718001aMEVIGACOMbMEVIGACOMd2015-12-04hVolumen. 1 | 14/mar/2012l0o372.7 M484 p24348r2015-12-04 00:00:00tEj. 1w2015-12-04yBK 01102ddc41718001aMEVIGACOMbMEVIGACOMd2015-12-04hVolumen. 2 | 14/mar/2012l0o372.7 M484 p24349r2015-12-04 00:00:00tEj. 1w2015-12-04yBK 01102ddc41718001aMEVIGACOMbMEVIGACOMd2015-12-04hVolumen. 3 | 14/mar/2012l0o372.7 M484 p24350r2015-12-04 00:00:00tEj. 1w2015-12-04yBK 01102ddc41718001aMEVIGACOMbMEVIGACOMd2015-12-04hVolumen. 4 | 14/mar/2012l0o372.7 M484 p24351r2015-12-04 00:00:00tEj. 1w2015-12-04yBK 01102ddc41718001aMEVIGACOMbMEVIGACOMd2015-12-04hVolumen. 5 | 14/mar/2012l0o372.7 M484 p24352r2015-12-04 00:00:00tEj. 1w2015-12-04yBK